000 00398nam a22001457a 4500
020 _a0750643579
040 _cNUST
082 _a620.11
_bASH
100 _aMichael F. Ashby
_9122448
245 _aMaterials Selection in Mechanical Design
250 _aSecond Edition
260 _aOxford:
_bButterworth Heinemann,
_c1999.
650 _2Materials Selection in Mechanical Design
942 _2ddc
_cBK
999 _c612083
_d612083